[Event "52nd Biel GM Rapid 2019"]
[Site "Biel SUI"]
[Date "2019.07.21"]
[Round "4.4"]
[White "Vidit, Santosh Gujrathi"]
[Black "Georgiadis, Nico"]
[Result "1-0"]
[WhiteTitle "GM"]
[BlackTitle "GM"]
[WhiteElo "2703"]
[BlackElo "2514"]
[WhiteFideId "5029465"]
[BlackFideId "1300113"]
[EventDate "2019.07.21"]

1. d4 Nf6 2. c4 e6 3. g3 d5 4. Bg2 Bb4+ 5. Nd2 O-O 6. Nf3 b6 7. O-O Bb7 8. Ne5
Be7 9. Qc2 c5 10. dxc5 Qc7 11. Ndf3 bxc5 12. cxd5 exd5 13. Bf4 Qb6 14. Bg5 Rd8
15. Rac1 Na6 16. Ng4 Nb4 17. Qb1 Rac8 18. a3 Na6 19. Qf5 Qe6 20. Qxe6 fxe6 21.
Nge5 d4 22. Nc4 Bd5 23. Nfe5 Nb8 24. e4 Bb7 25. Bh3 Bxe4 26. Bxe6+ Kf8 27. Bxc8
Rxc8 28. Rfe1 Bd5 29. Nd3 Nbd7 30. Nf4 Bxc4 31. Rxc4 Nb6 32. Rc2 Kf7 33. b3 a5
34. a4 h6 35. Bxf6 Bxf6 36. Kg2 c4 37. bxc4 Nxa4 38. Nd3 Nc3 39. c5 a4 40. Ra1
Ke6 41. Rb2 Kd5 42. Rb7 Ra8 43. Rb4 a3 44. Kf1 Ke4 45. Nc1 Kd5 46. Nd3 Ke4 47.
Nf4 a2 48. c6 Rc8 49. Ne2 Kd3 50. Nc1+ Kd2 51. Nxa2 Ra8 52. Rb2+ Kd3 53. Nb4+ 1-0